000 00764nam a22002657a 4500
001 3408
003 FISKH
005 20240913075615.0
008 240304b cb ||||| |||| 00| 0 eng d
020 _a9780545231015
040 _aFISK
_beng
_cFISK
_dFISK
050 _aPZ7.H9659
082 _a813.6
100 _aHutton Clare :
_d1963-
245 _aMidnight howl /
_cClare Hutton
260 _aNew York :
_bScholastic,
_c2011
300 _a178 pages :
_c20 cm
490 _3A potson apple book
505 _aM
520 _aWhile staying on a ranch in Montana with family friends, Marisol begins to fear that she might be living with a werewolf.
521 8 _a700
_bLexile
700 _aClare Hutton
942 _2ddc
_cBK
_n0
999 _c3408
_d3408